Statistics for Countries and Territories with Parishes

Click here to take the quiz!

General Stats

  • This quiz has been taken 4 times
  • The average score is 5 of 13

Answer Stats

Country or Territory% Correct
Saint Kitts and Nevis
100%
Antigua and Barbuda
67%
Barbados
67%
Dominica
67%
Grenada
67%
Jamaica
67%
Saint Vincent and the Grenadines
67%
Andorra
33%
Bermuda
0%
Guernsey
0%
Isle of Man
0%
Jersey
0%
Montserrat
0%

Score Distribution

Percentile by Number Answered

Percent of People with Each Score

Your Score History

You have not taken this quiz